Morza na mapie świata - Statystyki

Ogólne statystyki
  • Ten quiz został rozwiązany 301 razy
  • Średni wynik to 11 z 15
Odpowiedzi na mapie
Odpowiedzi zakodowano w zielono-czerwonej skali na mapie do tego quizu, zgodnie z poniższymi procentami.
 
Statystyki odpowiedzi
Morze % Poprawnych
Morze Bałtyckie
98%
Morze Czarne
94%
Morze Czerwone
92%
Morze Śródziemne
92%
Morze Północne
85%
Morze Karaibskie
81%
Morze Kaspijskie
71%
Morze Arabskie
70%
Morze Japońskie
69%
Morze Adriatyckie
66%
Morze Południowochińskie
62%
Morze Egejskie
59%
Morze Beringa
58%
Morze Wschodniochińskie
49%
Morze Tasmana
38%
Nie znaleziono quizów pasujących do podanych kryteriów
Rozkład punktacji
Procent ludzi z każdym wynikiem
Percentyl według liczby udzielonych odpowiedzi
Twoja historia wyników
Nie rozwiązałeś tego quizu